LEADER 01244nam0 2200265 450 001 000022283 005 20090508101047.0 100 $a20080925d1923----km-y0itaa50------ba 101 0 $aita 102 $aIT 200 1 $aPer l'Italia degli italiani$ediscorso pronunziato in Milano dalla ringhiera del Palazzo Marino la notte del 3 agosto 1922 con aggiunti il comento inedito il messaggio del convalescente agli uomini di pena tre preghiere dinanzi agli altari disfatti e sette documenti d'amore$fGabriele D'Annunzio 210 $a<> Milano$c<> Bottega di poesia$d1923 215 $a427 p.$d25 cm. 300 $aIn cop. e in testa al front. firma autografa: Sergio de Pilato, nel febbraio del '923 676 $a858.912$v(21. ed.)$9Miscellanea italiana. 1900-1945 700 1$aD'Annunzio$bGabriele$03236 801 0$aIT$bUniversità della Basilicata - B.I.A.$gRICA$2unimarc 912 $a000022283 996 $aPer l'Italia degli italiani$988080 997 $aUNIBAS BAS $aLETTERE CAT $aSTD064$b01$c20080925$lBAS01$h1514 CAT $aTTM$b30$c20090508$lBAS01$h1010 FMT Z30 -1$lBAS01$LBAS01$mBOOK$1BASA1$APolo Storico-Umanistico$2FDEP2$BFondo De Pilato Biscione$3FD/108147$6108147$5L108147$820090508$f52$FRari